Alone y los premios nacionales de literatura

Guardat en:
Dades bibliogràfiques
Autor principal: Zegers B., Pedro Pablo (Autor)
Format: Llibre
Idioma:espanyol
Publicat: Santiago Dibam 1992
Santiago Centro de Investigaciones Diego Barros Arana 1992
Col·lecció:Escritores de Chile, 1
Matèries:
Etiquetes: Afegir etiqueta
Sense etiquetes, Sigues el primer a etiquetar aquest registre!

MARC

LEADER 00000nam a2200000 a 4500
001 UCL1614
003 CL-VaPUC
008 030911e19920000cl |||||||||||||||||spa|d
020 |a 9562440109 
082 0 4 |a Ch860.9  |b ZEG  |2 21 
100 0 |a Zegers B., Pedro Pablo  |e author  |9 478479 
245 1 0 |a Alone y los premios nacionales de literatura 
300 |a 338 p 
942 |c BK 
945 |d 20030911 00:00:00  |a cmena 
260 |a Santiago  |b Dibam  |c 1992 
260 |a Santiago  |b Centro de Investigaciones Diego Barros Arana  |c 1992 
600 0 7 |a DIAZ ARRIETA, HERNAN  |2 CL-VaPUC  |9 353443 
600 0 7 |a ALONE  |2 CL-VaPUC  |9 346606 
650 0 |a Literatura chilena   |9 308278 
650 0 |a Crítica e interpretación   |9 255042 
583 |a last modification  |c 20171010 11:13:00  |k Rodrigo Vera 
490 0 |a Escritores de Chile, 1 
999 |c 305110  |d 305108 
952 |0 0  |1 0  |4 0  |6 CH_860_900000000000000_ZEG_1992_1992  |7 0  |8 A  |9 368082  |a BIBHIS  |b BIBHIS  |d 2019-11-21  |i 3925919  |o Ch860.9 ZEG 1992 1992  |p 3925919  |r 2025-01-20  |w 2019-11-21  |y BK  |k HIS